00535cam a22002291 4500001001300000003000400013005001700017008004100034010001700075025001900092035002000111040002100131042001200152050002100164100002100185245002100206260001400227300001800241500001600259500001300275999001700288sa 66002199 DLC20260227112227.0940426m19641965ii 000 1 benr  asa 66002199  aPL480:EP-B-897 a(OCoLC)30334213 aDLCcCUdCUdDLC apremarc00aPK1730.12.S5bH31 aAshraf, Shaheed.10aHārāno sura. c[1964/65] a83 p.c19 cm. aIn Bengali. aA novel. c68211d68211